Filmografia di Steven Spielberg - Statistics

Statistiche generali
  • Questo quiz è stato fatto 67 volte
  • Il punteggio medio è 10 su 35
Statistiche sulle risposte
Anno Film % Corretto
1982 E.T. l'extra-terrestre
82%
1993 Jurassic Park
63%
1975 Lo Squalo
53%
1993 Schindler's List - La lista di Schindler
49%
1981 I predatori dell'arca perduta
47%
1984 Indiana Jones e il tempio maledetto
43%
1977 Incontri ravvicinati del terzo tipo
41%
1989 Indiana Jones e l'ultima crociata
39%
1998 Salvate il soldato Ryan
37%
2022 The Fabelmans
35%
2001 A.I. - Intelligenza artificiale
33%
2015 Il ponte delle spie
33%
2018 Ready Player One
33%
2017 The Post
31%
2002 Prova a prendermi
29%
2012 Lincoln
27%
2016 Il GGG - Il grande gigante gentile
24%
1991 Hook - Capitan Uncino
22%
1985 Il colore viola
22%
1997 Il mondo perduto - Jurassic Park
20%
2004 The Terminal
20%
2021 West Side Story
20%
2005 La guerra dei mondi
18%
2005 Munich
18%
1974 Sugarland Express
18%
2011 War Horse
18%
1971 Duel
16%
1997 Amistad
14%
2008 Indiana Jones e il regno del teschio di cristallo
14%
2011 Le avventure di Tintin - Il segreto dell'Unicorno
14%
1987 L'impero del sole
14%
1979 1941 - Allarme a Hollywood
12%
1989 Always - Per sempre
12%
2002 Minority Report
12%
1964 Firelight
4%
Nessun quiz corrispondente trovato
Distribuzione punteggi
Percentuale di utenti per punteggio
Percentile per numero di risposta
I tuoi punteggi nel tempo
Non hai fatto questo quiz